| Tag |
First Indicator |
Second Indicator |
Subfields |
| LEADER |
00000cam a2200000Ia 4500 |
| 001 |
in00001993213 |
| 005 |
20151031110640.0 |
| 008 |
860604s1984 ru c 000 1 rusod |
| 035 |
|
|
|a (OCoLC)ocm13683310
|
| 040 |
|
|
|a PIT
|c PIT
|d TXA
|d UtOrBLW
|
| 049 |
|
|
|a TXAM
|
| 090 |
|
|
|a PG3482.7.V3547
|b O8 1984
|
| 100 |
1 |
|
|a Kovalevich, Geliĭ.
|
| 245 |
1 |
0 |
|a Ot sveta i do sveta :
|b rasskazy /
|c Geliĭ Kovalevich.
|
| 264 |
|
1 |
|a Moskva :
|b Sovetskiĭ pisatelʹ,
|c 1984.
|
| 300 |
|
|
|a 334 pages :
|b portrait ;
|c 20 cm.
|
| 336 |
|
|
|a text
|b txt
|2 rdacontent
|
| 337 |
|
|
|a unmediated
|b n
|2 rdamedia
|
| 338 |
|
|
|a volume
|b nc
|2 rdacarrier
|
| 948 |
|
|
|a cataloged
|b h
|c 2004/9/2
|d c
|e spoltoratski
|f 10:53:15 am
|
| 994 |
|
|
|a E0
|b TXA
|
| 999 |
|
|
|a MARS
|
| 999 |
f |
f |
|s 49e1e4c9-80d3-3006-8190-c19ef88d44b2
|i 93abcb08-92a3-34a3-af64-c2b80730960e
|t 0
|
| 952 |
f |
f |
|p ric
|a Texas A&M University
|b Rellis Campus
|c Joint Library Facility
|d Remote Storage
|t 0
|e PG3482.7.V3547 O8 1984
|h Library of Congress classification
|i unmediated -- volume
|m A14832246728
|
| 998 |
f |
f |
|a PG3482.7.V3547 O8 1984
|t 0
|l Remote Storage
|